000 01099nam a22002417a 4500
005 20260224142920.0
008 260224b |||||||| |||| 00| 0 eng d
020 _a9788181432100 (hbk)
037 _cTB
040 _aCRL
_cCRL
041 _2hin
_ahin
084 _aO152:g M8;R4
100 _aपालीवाल, कृष्णदत्त
245 _aहिन्दी आलोचना का सैद्धान्तिक आधार
250 _aसंस्करण 3
260 _aनयी दिल्ली, भारत:
_bवाणी प्रकाशन,
_c2024.
300 _a638पृ.
365 _b1000.00
_cINR
650 _aहिन्दी आलोचना
650 _aहिन्दी साहित्य
942 _2CC
_cTB
_eसंस्करण 3
_hO152:g M8;R4
_n0
999 _c1680137
_d1680137